Tính phức điệu thế giới quan của văn học Nga những năm 1920-1930/

保存先:
書誌詳細
第一著者: Semionova,S.G.
フォーマット: 論文
言語:Vietnamese
主題:
Nga
タグ: タグ追加
タグなし, このレコードへの初めてのタグを付けませんか!
Thư viện lưu trữ: Thư viện Trường Đại học Đà Lạt
LEADER 00817nam a2200289 4500
001 DLU080000019
005 ##20080901
040 # # |a DLU  |b vie 
041 # # |a vie 
044 # # |a vn 
100 # # |a Semionova,S.G. 
245 # # |a Tính phức điệu thế giới quan của văn học Nga những năm 1920-1930/  |c S.G.Semionova 
653 # # |a Lịch sử văn học 
653 # # |a Nga 
653 # # |a Thế giới quan 
653 # # |a Văn học Nga 
773 # # |t Nghiên cứu văn học  |g Số 11, 2007, tr.179-194 
920 # # |a Phòng Tạp chí -- Trung tâm Thông tin - Thư viện Trường Đại học Đà Lạt 
933 # # |a NV 
994 # # |a DLU 
900 # # |a True 
911 # # |a Nguyễn Thị Minh Cầm 
925 # # |a G 
926 # # |a A 
927 # # |a BB 
980 # # |a Thư viện Trường Đại học Đà Lạt